Technical change and economic theory
Saved in:
| Other Authors: | |
|---|---|
| Format: | Book |
| Language: | English |
| Published: |
London :
Pinter Publishers,
1988.
|
| Subjects: | |
| Tags: |
Add Tag
No Tags, Be the first to tag this record!
|
MARC
| LEADER | 00000cam a2200000 i 4500 | ||
|---|---|---|---|
| 001 | 1/19528 | ||
| 008 | 960429s1988 enk| ||| |||| ||eng|| | ||
| 020 | |a 0861878949 | ||
| 035 | |l 10021307 | ||
| 040 | |a GR-MyUa |b gre |e AACR2 | ||
| 041 | 0 | |a eng | |
| 082 | 7 | |a 338.06 |2 (22) | |
| 245 | 0 | 0 | |a Technical change and economic theory / |c edited by: Giovanni Dosi… [κ. ά.]. |
| 260 | |a London : |b Pinter Publishers, |c 1988. | ||
| 300 | |a 646 σ. : |b εικ. ; |c 24 εκ. | ||
| 500 | |a Περιλαμβάνει ευρετήριο. | ||
| 650 | 0 | |a Technological innovations |x Economic aspects. | |
| 650 | 0 | |a Economics. | |
| 700 | 1 | |a Dosi, Giovanni, |d 1953- |e edt | |
| 852 | |a INST |b CHIOS |e 19960429 |h 338.06 DOS |p 005200002334 |q 005200002334 |t BK |y 0 | ||